| 000 | 00462nam a22001817a 4500 | ||
|---|---|---|---|
| 003 | NUST - PNEC | ||
| 005 | 20170116180754.0 | ||
| 008 | 150317b xxu||||| |||| 00| 0 eng d | ||
| 020 | _a9812080260 | ||
| 040 | _cLIBRARY | ||
| 082 | _a808.062 WON | ||
| 100 |
_91887 _aWong, Simon |
||
| 245 |
_aSummary writing _cWong, Simon |
||
| 260 |
_aSingapore _bTnaglin Halt Road _cC 1991 |
||
| 300 | _a141 . : | ||
| 650 |
_91888 _aSummary writing _xAS. |
||
| 942 |
_2ddc _cBK |
||
| 999 |
_c62646 _d62646 |
||